| 000 | 02081nam2a22004211 4500 | ||
|---|---|---|---|
| 001 | v19\rc\1740616 | ||
| 005 | 20250619055725.0 | ||
| 035 | _a(NLR Aleph) 004848132 | ||
| 090 |
_a4892786 _c4892786 |
||
| 100 | _a20061204d1902 |||y0rusy50 ca | ||
| 101 | 1 |
_arus _cger |
|
| 102 | _aRU | ||
| 105 | _aab z |||c| | ||
| 200 | 1 |
_aЗемля, ее атмосфера и гидросфера _eС прил. очерка проф. П.И. Броунова Атмосферная оптика _fПер. с 5-го нем. изд. ассистентов по Кафедре географии С.-Петерб. ун-та А.П. Сутугина и Г.Г. Шенберга и г-жи Е.А. Шпиндлер _gДоп. проф. П.И. Броунова и И.Б. Шпиндлера |
|
| 210 |
_d1902 _aБ. м. |
||
| 215 |
_a[6], 160 с., 24 л. цв. ил., карт. _cил. |
||
| 225 | 1 |
_a... _vВып. 6 |
|
| 461 | 0 |
_1001v19\rc\1740615 _12001#$aОбщее землеведение$eЧ. 1-2$fЮ. Ганн и Э. Брюкнер$vЧ. 1 _1700#1$aГанн$bЮ.$f1839-1921$gЮлиус _94892779 _aГанн, Ю. (1839-1921) _cСанкт-Петербург _d1902-1903 _fЮ. Ганн и Э. Брюкнер _nАО Брокгауз-Ефрон _oЧ. 1-2 _p4 т. _tОбщее землеведение _vЧ. 1 |
|
| 700 | 1 |
_aГанн _bЮ. _f1839-1921 _gЮлиус |
|
| 702 | 1 |
_aСутугин _bА.П. _4730 |
|
| 702 | 1 |
_aШенберг _bГ.Г. _4730 |
|
| 702 | 1 |
_aШпиндлер _bЕ.А. _4730 |
|
| 702 | 1 |
_4570 _7ca _8rus _aБроунов _bП. И. _f1853-1927 _gПётр Иванович _9218311 _3RU\NLR\AUTH\770218367 |
|
| 702 | 1 |
_aШпиндлер _bИ.Б. _f1848-1919 _gИосиф Бернардович _4570 |
|
| 801 | 0 |
_aRU _bNLR _gpsbo |
|
| 801 | 0 |
_aRU _bRuMoRGB _2psbo |
|
| 801 | 1 |
_aRU _bProSoft-M _2rusmarc |
|
| 852 |
_aNLR _j38.36.2.30 |
||
| 899 |
_aRuMoRGB _jU 389/97 |
||
| 899 | _aБАН | ||
| 899 | _aНБ СПбГУ | ||
| 899 |
_aRuMoRGB _jV 130/83 |
||
| 899 |
_aRuMoRGB _jU 47/333 |
||
| 899 |
_aRuMoRGB _jW 80/220 |
||
| 899 |
_aRuMoRGB _jРб 1/37 |
||
| 899 | _aНБ МГУ | ||
| 942 | _cBOOK | ||
| 980 | _aNB | ||